000 00552 a2200193 4500
999 _c7128
_d7128
003 GBCCL
005 20241126110620.0
008 180718b ||||| |||| 00| 0 eng d
020 _a9789384328375
040 _cgbc
082 _a272.9092
_bWUR
100 _aWurmbrand, Richard
_d1909-2001
_912733
245 _aTortured for Christ /
_cRichard Wurmbrand
250 _aInd. ed.
260 _aChennai:
_bWord of Christ Ministries,,
_c2015
300 _ax, 153 p.;
_bport.,
_c20 cm.
650 _aWurmbrand, Richard
_xBiography
_912734
942 _2ddc
_cBK
_04